|
|
|
|
| LEADER |
01095nam a2200229 u 4500 |
| 001 |
10020423 |
| 003 |
GR-PaULI |
| 005 |
20250403112434.0 |
| 008 |
981113s1961 gr gre |
| 952 |
|
|
|0 0
|1 0
|2 ddc
|4 0
|6 880_000000000000000_ΚΑΚ
|7 0
|9 243710
|a LISP
|b LISP
|c BSC
|d 2020-09-23
|i 002493
|l 0
|o 880 ΚΑΚ
|p 025000087718
|r 2020-09-23 00:00:00
|t 1
|v 2020.00
|w 2020-09-23
|y BK15
|
| 999 |
|
|
|c 147081
|d 147081
|
| 040 |
|
|
|a GR-PaULI
|c GR-PaULI
|b gre
|e AACR2
|
| 082 |
0 |
4 |
|a 880
|2 23
|
| 100 |
1 |
|
|a Κακριδής, Ιωάννης Θ.,
|d 1901-1992
|4 συγγραφέας.
|9 5780
|
| 245 |
1 |
0 |
|a Ανθρωπιστικά :
|b ελληνική κλασσική παιδεία, φιλολογική ερμηνεία /
|c Ι. Θ. Κακριδή.
|
| 260 |
|
|
|a Αθήνα :
|b [χ.ό.],
|c 1961.
|
| 300 |
|
|
|a 46 σ. ;
|c 22 εκ.
|
| 490 |
1 |
|
|a Η βιβλιοθήκη του φιλολόγου
|v 2
|
| 650 |
|
4 |
|a Ελληνική λογοτεχνία
|9 11701
|x Ιστορία και κριτική.
|
| 830 |
|
0 |
|a Βιβλιοθήκη του φιλολόγου (Εστία)
|v 2.
|9 192989
|
| 942 |
|
|
|2 ddc
|c BK15
|
| 998 |
|
|
|c ΜΠΟΥΡΑΣ
|d 2020-09
|